| 000 | 01775nam0a2200301 4500 | ||
|---|---|---|---|
| 001 | RU\NLR\bibl\1325577 | ||
| 005 | 20260405181219.0 | ||
| 010 |
_a978-5-238-01543-9 _92000 |
||
| 021 |
_aRU _b2008-98455 _95778 |
||
| 035 | _a(NLR Aleph) 001310883 | ||
| 090 |
_a678735 _c678735 |
||
| 100 | _a20090205d2009 |||y0rusy50 ca | ||
| 101 | 0 | _arus | |
| 102 | _aRU | ||
| 105 | _ay ||||||||| | ||
| 200 | 1 |
_aИсполнительное производство _eучебное пособие для курсантов и слушателей образовательных учреждений высшего профессионального образования МВД России по специальности 030501 "Юриспруденция" _eдля студентов вузов, обучающихся по специальности 030501 "Юриспруденция _f[С.С. Маилян и др.] _gпод ред. засл. юриста РФ, д.ю.н., проф. С.С. Маиляна, д.ю.н., проф. А.Н. Кузбагарова |
|
| 205 | _a2-е изд., перераб. и доп. | ||
| 210 |
_aМосква _cЮНИТИ-ДАНА _cЗакон и право _d2009 |
||
| 215 |
_a302, [1] c. _d22 |
||
| 320 | _aБиблиогр.: с. 299-300 | ||
| 606 | 1 |
_aИсполнительное производство _jУчебные издания для высших учебных заведений _yРоссийская Федерация _92085156 _3RU\NLR\auth\661261268 |
|
| 686 | _aХ629.217.7я73 | ||
| 702 | 1 |
_4220 _8rus _7ca _aМаилян _bС. С. _gСамвел Суренович _3RU\NLR\auth\7778095 _961023 |
|
| 801 | 0 |
_aRU _bNLR _c20090205 _gRCR |
|
| 801 | 1 |
_aRU _bNLR _c20090205 |
|
| 942 | _cBOOK | ||
| 980 | _aNB | ||